| Tag |
First Indicator |
Second Indicator |
Subfields |
| LEADER |
00000cam a2200000Ka 4500 |
| 001 |
in00002660721 |
| 005 |
20210727155350.0 |
| 006 |
m d |
| 007 |
cr cn| |
| 008 |
101101s2010 nyua o 001 0 eng d |
| 020 |
|
|
|a 1430224843
|
| 020 |
|
|
|a 9781430224846
|
| 035 |
|
|
|a (OCoLC)676700764
|
| 035 |
|
|
|a (OCoLC)ocn676700764
|
| 035 |
|
|
|a 3825746
|
| 037 |
|
|
|a 978-1-4302-2483-9
|b Springer
|n http://www.springerlink.com
|
| 040 |
|
|
|a GW5XE
|b eng
|c GW5XE
|d UtOrBLW
|
| 049 |
|
|
|a TXAC
|
| 050 |
1 |
4 |
|a QA76.625
|b .T59 2010eb
|
| 082 |
0 |
4 |
|a 006.7/6
|2 22
|
| 100 |
1 |
|
|a Tiwari, Shashank.
|0 http://id.loc.gov/authorities/names/no2009163155
|
| 245 |
1 |
0 |
|a AdvancED Flex 4 /
|c Shashank Tiwari, Elad Elrom, Charlie Schulze ; technical reviewer, Tom Barker.
|
| 246 |
3 |
0 |
|a Flex 4
|
| 264 |
|
1 |
|a [New York] :
|b Apress/Friends of Ed,
|c [2010]
|
| 264 |
|
3 |
|a Norwood, Mass. :
|b Books24x7.com [generator]
|
| 264 |
|
4 |
|c ©2010
|
| 336 |
|
|
|a text
|b txt
|2 rdacontent
|
| 337 |
|
|
|a computer
|b c
|2 rdamedia
|
| 338 |
|
|
|a online resource
|b cr
|2 rdacarrier
|
| 500 |
|
|
|a Electronic resource.
|
| 500 |
|
|
|a Includes index.
|
| 500 |
|
|
|a Title from title screen.
|
| 516 |
|
|
|a Text.
|
| 533 |
|
|
|a Electronic reproduction.
|b New York :
|c Springer,
|d 2010.
|n Mode of access: World Wide Web.
|n System requirements: Web browser.
|n Title from title screen (viewed on Oct. 7, 2010).
|n Access may be restricted to users at subscribing institutions.
|
| 630 |
0 |
0 |
|a Flex (Computer file)
|0 http://id.loc.gov/authorities/names/n2007015080
|
| 650 |
|
0 |
|a Application software
|x Development.
|0 http://id.loc.gov/authorities/subjects/sh95009362
|
| 650 |
|
0 |
|a Internet programming.
|0 http://id.loc.gov/authorities/subjects/sh96009904
|
| 650 |
|
0 |
|a Web site development
|x Computer programs.
|0 http://id.loc.gov/authorities/subjects/sh2008113418
|
| 655 |
|
7 |
|a Electronic books.
|2 local
|
| 700 |
1 |
|
|a Barker, Tom,
|d 1887-1970,
|e reviewer.
|0 http://id.loc.gov/authorities/names/no2006066568
|
| 700 |
1 |
|
|a Elrom, Elad,
|e author.
|0 http://id.loc.gov/authorities/names/no2010179289
|
| 700 |
1 |
|
|a Schulze, Charlie,
|e author.
|
| 710 |
2 |
|
|a SpringerLink (Online service)
|0 http://id.loc.gov/authorities/names/no2005046756
|
| 776 |
0 |
8 |
|i Print version:
|a Tiwari, Shashank.
|t AdvancED Flex 4.
|d [New York] : Apress/Friends of Ed, c2010 (Norwood, Mass. : Books24x7.com [generator])
|z 9781430224846
|w (OCoLC)667608220
|
| 856 |
4 |
0 |
|u http://proxy.library.tamu.edu/login?url=https://dx.doi.org/10.1007/978-1-4302-2484-6
|z Connect to the full text of this electronic book
|t 0
|
| 994 |
|
|
|a 92
|b TXA
|
| 999 |
|
|
|a MARS
|
| 999 |
f |
f |
|s 5dd75166-faf2-38ca-ac25-c38f806b645b
|i 1393c6e8-0d1c-3324-ae27-fe0bef1f34aa
|t 0
|
| 952 |
f |
f |
|a Texas A&M University
|b College Station
|c Electronic Resources
|d Available Online
|t 0
|e QA76.625 .T59 2010eb
|h Library of Congress classification
|
| 998 |
f |
f |
|a QA76.625 .T59 2010eb
|t 0
|l Available Online
|